| 000 | 00402nam a22001577a 4500 | ||
|---|---|---|---|
| 999 |
_c10502 _d10502 |
||
| 003 | GBCCL | ||
| 005 | 20241126110733.0 | ||
| 008 | 240920b ||||| |||| 00| 0 eng d | ||
| 040 | _cgbc | ||
| 082 |
_a231 _bRAI |
||
| 100 |
_aRaichur, Ashish _97679 |
||
| 245 | _aThe mighty name of Jesus | ||
| 260 |
_aBangalore : _bAll peoples church & world outreach, _c2023 |
||
| 300 | _a107p. ; | ||
| 942 |
_2ddc _cBK |
||